Statistics for Chinese History Map Quiz

Click here to take the quiz!

General Stats

  • This quiz has been taken 72 times
  • The average score is 5 of 12

Answers on the Map

Answers color-coded by a green-red scale on the quiz's map according to % correct below.
 

Answer Stats

Answer% Correct
L. AD 1989 六四事件
Tiananmen Square Massacre
81%
K. AD 1937 南京大屠殺
Rape of Nanking
63%
I. AD 1661-1662 鄭成功攻台之役
Siege of Fort Zeelandia
54%
C. AD 208 赤壁之戰
Battle of Red Cliffs
50%
E. AD 756 安史之亂:馬嵬驛之變
Emperor Xuanzong put Consort Yang to death during An Lushan Rebellion
42%
H. AD 1405-1433 鄭和下西洋
Zheng He departed for Ming treasure voyages
40%
A. 260 BC 長平之戰
Battle of Changping
35%
B. 202 BC 項羽烏江自刎
Xiang Yu's suicide at Wujiang
35%
J. AD 1911 辛亥革命
Xinhai Revolution
33%
D. AD 383 淝水之戰
Battle of Fei River
25%
F. AD 1005 澶淵之盟
Chanyuan Treaty
23%
G. AD 1279 厓門海戰
Battle of Yamen
23%

Score Distribution

Percentile by Number Answered

Percent of People with Each Score

Your Score History

You have not taken this quiz